000 00756cam a2200217 4500500
005 20260111080332.0
041 _afre
042 _adc
100 1 0 _aLaporte, Philippe
_eauthor
245 0 0 _aGestion publique locale : une révolution décentralisatrice est possible
260 _c2019.
500 _a33
690 _acomptables publics
690 _acompte financier unique
690 _afinances locales
690 _apercepteur
690 _areceveur municipal
690 _aséparation des ordonnateurs et des comptables
786 0 _nGestion & Finances Publiques | 3 | 3 | 2019-08-29 | p. 39-45 | 1969-1009
856 4 1 _uhttps://droit.cairn.info/revue-gestion-et-finances-publiques-2019-3-page-39?lang=fr&redirect-ssocas=7080
999 _c1616160
_d1616160